| 000 | 00610cam a2200205 a 4500 | ||
|---|---|---|---|
| 001 | 4958810 | ||
| 005 | 20240227053613.0 | ||
| 008 | 960516s1996 ii b 001 0 eng | ||
| 020 | _a8171008100 | ||
| 040 |
_aDLC _cDLC _dDLC |
||
| 082 | 0 | 0 |
_a323.334. _221 _bWOM. |
| 100 | 1 | _aJharta, Bhawana. | |
| 245 | 1 | 0 |
_aWomen and politics in India : _bimpact of family and education on women political activists / _cBhawana Jharta ; foreword by Virbhadra Singh. |
| 260 |
_aNew Delhi : _bDeep & Deep Publications, _c1996. |
||
| 300 | _axiv, 242 p. ; | ||
| 650 | 0 | _aWomen | |
| 650 | 0 | _aWomen | |
| 650 | 0 | _aWomen | |
| 942 | _cL | ||
| 999 |
_c503 _d503 |
||